Penguin day : a family story / by Nic Bishop.
Available copies
- 3 of 3 copies available at LARL/NWRL Consortium. (Show)
- 1 of 1 copy available at Northwest Regional Library.
Current holds
0 current holds with 3 total copies.
Show Only Available Copies
| Location | Call Number / Copy Notes | Barcode | Shelving Location | Status | Due Date |
|---|---|---|---|---|---|
| Red Lake Falls Public Library | e 598.47 BIS (Text) | 35500005847544 | Main | Available | - |
Record details
- ISBN: 9780545206365 (hc)
- ISBN: 0545206367
- Physical Description: 1 volume (unpaged) : color illustrations ; 23 x 27 ... Read More
- Edition: First edition.
- Publisher: New York : Scholastic Press, 2017.
Content descriptions
| Summary, etc.: | While his mother is off fishing for food, baby ... Read More |
Search for related items by subject
| Genre: | Juvenile works. Juvenile works. |
| LDR | 01973cam a2200493 i 4500 | ||
|---|---|---|---|
| 001 | 246989 | ||
| 003 | LARL_NWRL_CONSORTIUM | ||
| 005 | 20170329104800.0 | ||
| 008 | 160527s2017 nyua b 000 0 eng c | ||
| 010 | . | ‡a 2016024913 | |
| 040 | . | ‡aNJQ/DLC ‡beng ‡erda ‡cZQP ‡dDLC ‡dOCLCF ‡dBTCTA ‡dBDX ‡dUAP ‡dMNM ‡dSINLB ‡dJOY ‡dKYC ‡dEHH ‡dBSBPL | |
| 019 | . | ‡a973227139 ‡a975748369 ‡a975894059 | |
| 020 | . | ‡a9780545206365 (hc) | |
| 020 | . | ‡a0545206367 | |
| 035 | . | ‡a(OCoLC)950902056 ‡z(OCoLC)973227139 ‡z(OCoLC)975748369 ‡z(OCoLC)975894059 | |
| 037 | . | ‡bScholastic, Po Box 7502, Jefferson City, MO, USA, 65102 ‡nSAN 860-0023 | |
| 042 | . | ‡apcc | |
| 082 | 0 | 0. | ‡a598.47 ‡223 |
| 100 | 1 | . | ‡aBishop, Nic, ‡d1955- ‡eauthor, ‡eillustrator. ‡0(LARL_NWRL_CONSORTIUM)108850 |
| 245 | 1 | 0. | ‡aPenguin day : ‡ba family story / ‡cby Nic Bishop. |
| 250 | . | ‡aFirst edition. | |
| 264 | 1. | ‡aNew York : ‡bScholastic Press, ‡c2017. | |
| 300 | . | ‡a1 volume (unpaged) : ‡bcolor illustrations ; ‡c23 x 27 cm | |
| 336 | . | ‡atext ‡2rdacontent | |
| 336 | . | ‡astill image ‡2rdacontent | |
| 337 | . | ‡aunmediated ‡2rdamedia | |
| 338 | . | ‡avolume ‡2rdacarrier | |
| 520 | . | ‡aWhile his mother is off fishing for food, baby Rockhopper penguin wanders off and almost becomes a meal for a hungry skua--but luckily papa penguin drives off the predator.-- ‡cSource other than Library of Congress. | |
| 650 | 0. | ‡aEudyptes chrysocome ‡vJuvenile literature. | |
| 650 | 0. | ‡aPenguins ‡xInfancy ‡vJuvenile literature. | |
| 650 | 1. | ‡0(LARL_NWRL_CONSORTIUM)27810 ‡aPenguins | |
| 650 | 1. | ‡aPenguins ‡xInfancy. | |
| 650 | 7. | ‡aEudyptes chrysocome. ‡2fast | |
| 650 | 7. | ‡aPenguins ‡xInfancy. ‡2fast | |
| 650 | 4. | ‡aEudyptes chrysocome. | |
| 650 | 4. | ‡aPenguins ‡xInfancy. | |
| 655 | 7. | ‡aJuvenile works. ‡2fast | |
| 655 | 4. | ‡aJuvenile works. | |
| 905 | . | ‡uvanderl | |
| 901 | . | ‡a246989 ‡b ‡c246989 ‡tbiblio ‡soclc | |

Add to basket
Permalink
Disable Highlighting